De quel manga/animé vient cet antagoniste ? - Statistiques

Statistiques générales
  • Ce quiz a été pris 3 702 fois
  • Le résultat moyen est 13 sur 20
Statistiques - réponses
Hint Réponse % Correct
Titan Colossal L'Attaque des Titans
96%
Madara Uchiwa Naruto
96%
Barbe Noire One Piece
91%
Freezer Dragon Ball Z
90%
Muzan Kibutsuji Demon Slayer
86%
Meruem Hunter x Hunter
83%
Ryomen Sukuna Jujutsu Kaisen
82%
Dio Brando Jojo's Bizarre Adventure
80%
Tomura Shigaraki My Hero Academia
76%
Griffith Berserk
71%
Zeleph Dragnir Fairy Tail
70%
Askeladd Vinland Saga
67%
Isabella The Promised Neverland
66%
Boros One Punch Man
52%
Kisaki Tokyo Revengers
50%
Yhwach Bleach
45%
Tsukasa Shishio Dr. Stone
40%
Hendrickson Seven Deadly Sins
36%
Akira Takaoka Assassination Classroom
33%
Kichimura Washu Tokyo Ghoul
30%
Aucun quiz correspondant
Distribution des résultats
% des personnes avec chaque résultat
Percentile par nombre de réponses
Votre historique - résultats
Vous n’avez pas pris ce quiz